00861nam a22002177a 450000500170000001000230001702000260004003500140006603700090008008200110008910000250010024500600012525000060018526000490019127001190024030000260035950000530038594200250043899900190046395201610048220241211121550.0 aDEC24SC ENG-142955 a9789355016577c450.00 aEN-126487 bDBAD a95421 aBrijesh Singh974960 aComprehensive Modern Indian History/cby Brijesh Singh a1 aNew DelhibS Chand and Company Limitedc2023 a A-27, 2nd Floor, Mohan Co-operative Industrial EstatebNew Delhie110044minfo@schandpublishing.comk011-49731800 axxxiv,406p.c23cm(pb) aFrom 1707 To The Modern Times (UPSC CSE Edition) 2ddccENh954mBRIe1 c207568d207568 001040708NFICaLbLd2024-12-11eDelivery of Books Divisiong450.00l3m3o954 BRIpEN-126487r2026-03-18 00:00:00s2026-02-12t1v450.00w2024-12-11yEN